Educational voyaging in Iran (Record no. 367447)

000 -LEADER
fixed length control field 00439cam a22001337a 4500
008 - FIXED-LENGTH DATA ELEMENTS--GENERAL INFORMATION
fixed length control field 180718b1962 xxu||||| |||| 00| 0 eng d
082 ## - DEWEY DECIMAL CLASSIFICATION NUMBER
Classification number Px55 H229
100 ## - MAIN ENTRY--PERSONAL NAME
Personal name Harnwell, Gaylord Probasco
245 ## - TITLE STATEMENT
Title Educational voyaging in Iran
Statement of responsibility, etc. by Gaylord Probasco Harnwell
260 ## - PUBLICATION, DISTRIBUTION, ETC.
Place of publication, distribution, etc. Philadelphia
Name of publisher, distributor, etc. University of Pennsylvania Press
Date of publication, distribution, etc. 1962
300 ## - PHYSICAL DESCRIPTION
Extent 104p.
650 ## - SUBJECT ADDED ENTRY--TOPICAL TERM
Topical term or geographic name entry element Iran --Description and travel
650 ## - SUBJECT ADDED ENTRY--TOPICAL TERM
Topical term or geographic name entry element Universities and colleges --Iran
Holdings
Withdrawn status Lost status Damaged status Not for loan Permanent Location Current Location Date acquired Full call number Barcode Date last seen Price effective from Koha item type
        Indian Institute of Public Administration Indian Institute of Public Administration 1994-05-13 Px55 H229 31585 2018-07-21 2018-07-21 Book

Powered by Koha